| 000 | 00564nam a2200193Ia 4500 | ||
|---|---|---|---|
| 999 |
_c3701 _d3701 |
||
| 003 | OSt | ||
| 005 | 20210104151339.0 | ||
| 008 | 190216s9999||||xx |||||||||||||| ||und|| | ||
| 020 | _a9788132204268 | ||
| 040 | _coclc | ||
| 082 |
_a547 _bCAR/A |
||
| 100 |
_aCarey, Francis A _94068 |
||
| 245 | 0 |
_aAdvanced Organic Chemistry : Reactions And Synthesis / _cFrancis A Carey ; R J Sundberg |
|
| 250 | _a5th Ed. | ||
| 260 |
_bSpringer, _c2015. _aNew Delhi: |
||
| 300 | _a1321p | ||
| 650 | _aChemistry | ||
| 942 |
_cBK _2ddc _h547 _iCAR/A _k547 _mCAR/A |
||